Estudio del movimiento de un sistema invariable en el espacio / (Record no. 163894)

MARC details
000 -LEADER
campo de control de longitud fija 00780nam a22002175i 4500
001 - NÚMERO DE CONTROL
campo de control 163894
003 - IDENTIFICADOR DE NÚMERO DE CONTROL
campo de control ES-MaACL
005 - FECHA Y HORA DE LA ÚLTIMA TRANSACCIÓN
campo de control 20250815063238.0
008 - DATOS DE LONGITUD FIJA--INFORMACIÓN GENERAL
campo de control de longitud fija 050721q1900 sp |r|||||||| 0|spa d
040 ## - FUENTE DE CATALOGACIÓN
Centro catalogador/agencia de origen CAM
Lengua de catalogación spa
Centro/agencia transcriptor CAM
080 ## - NÚMERO DE LA CLASIFICACIÓN DECIMAL UNIVERSAL
Número de la Clasificación Decimal Universal 514.113
100 1# - ENTRADA PRINCIPAL--NOMBRE DE PERSONA
Nombre de persona Román y Retuerto, Emilio
Término indicativo de función/relación Autor
9 (RLIN) 99237
245 10 - MENCIÓN DEL TÍTULO
Título Estudio del movimiento de un sistema invariable en el espacio /
Mención de responsabilidad, etc. por Emilio Román
260 ## - PUBLICACIÓN, DISTRIBUCIÓN, ETC.
Lugar de publicación, distribución, etc. Madrid :
Nombre del editor, distribuidor, etc. [s.n.,
Fecha de publicación, distribución, etc. ca. 1900]
Fabricante (Imp. "La Universitaria")
300 ## - DESCRIPCIÓN FÍSICA
Extensión 51, [2] páginas ;
Dimensiones 24 cm
650 #7 - PUNTO DE ACCESO ADICIONAL DE MATERIA--TÉRMINO DE MATERIA
Término de materia o nombre geográfico como elemento de entrada Geometría del espacio
9 (RLIN) 165534
Fuente del encabezamiento o término embne
852 4# - LOCALIZACIÓN
Ubicación ES-MaACL
Ubicación en estantería Depósito folletos
Número de control de estantería T-1018-F
Encuadernación Enc. en un vol. facticio
-- Holandesa, conservando cub. original
942 ## - ELEMENTOS DE ENTRADA SECUNDARIOS (KOHA)
Fuente del sistema de clasificación o colocación Clasificación decimal universal
Tipo de ítem Koha Folleto
Suprimir en OPAC No
Holdings
Estatus retirado Estado de pérdida Fuente del sistema de clasificación o colocación Estado de daño No para préstamo Colección Biblioteca de origen Biblioteca actual Ubicación en estantería Fecha de adquisición Fuente de adquisición Total de préstamos Signatura topográfica completa Código de barras Visto por última vez Precio de reemplazo Tipo de ítem Koha
    Clasificación Decimal Dewey     Colección de folletos Biblioteca del Ateneo de Madrid Biblioteca del Ateneo de Madrid Depósito folletos 17/01/2008     T-1018-F-7 1171765 23/02/2023 23/02/2023 Folleto